| 000 | 00891nas a2200277 4500 | ||
|---|---|---|---|
| 001 | BR9201643 | ||
| 003 | BR-BrBNA | ||
| 005 | 20231205092429.0 | ||
| 007 | ta | ||
| 008 | 230509b bl.|||p| |||| 00| 00por d | ||
| 040 |
_aBR-BrBNA _bpor _cBiblioteca Nacional de Agricultura |
||
| 041 | _a(Pt) | ||
| 072 | _aP35 | ||
| 100 | 1 | _aThomazi, M.D. | |
| 100 | 1 | _aMello, F. de A.F. de | |
| 100 | 1 | _aArzolla, S. | |
| 245 | 1 | _aFixacao de fosforo em solos do municipio de Piracicaba | |
| 246 | 1 | _aPhosphorus fixation in soils from the municipality of Piracicaba, Sao Paulo, Brazil | |
| 650 | _aFERTILIZANTE FOSFATADO | ||
| 650 | _aADSORCAO | ||
| 650 | _aSOLO | ||
| 650 | _aSAO PAULO | ||
| 773 | 0 |
_tAnais da Escola Superior de Agricultura Luiz de Queiroz (Brazil) _xISSN 0071-1276 _g(1990), v. 47(1) p. 163-176 _wBR9201643 |
|
| 909 |
_a202311 _bLúcia _c55 _dLúcia Elande |
||
| 942 |
_2AGRIS _n0 _cANA |
||
| 999 |
_c131654 _d131654 |
||